Pays avec le meilleur effectif militaire - Statistiques

Statistiques générales
  • Ce quiz a été pris 80 fois
  • Le résultat moyen est 14 sur 20
Statistiques - réponses
Rang Nombre de soldats Pays % Correct
3 1,333 M Etats-Unis
100%
1 2,035 M Chine
99%
4 1,320 M Russie
97%
2 1,431 M Inde
92%
18 376 K Brésil
90%
4 1,320 M Corée du Nord
82%
17 387 K Mexique
82%
8 610 K Iran
81%
11 450 K Corée du Sud
74%
7 660 K Pakistan
73%
13 438,5 K Egypte
71%
6 900 K Ukraine
71%
15 404,5 K Indonésie
66%
10 481 K Turquie
63%
11 450 K Vietnam
55%
16 400 K Maroc
52%
19 360,85 K Thaïlande
51%
14 429 K Colombie
47%
9 503 K Ethiopie
34%
20 350 K Erythrée
5%
Aucun quiz correspondant
Distribution des résultats
% des personnes avec chaque résultat
Percentile par nombre de réponses
Votre historique - résultats
Vous n’avez pas pris ce quiz